00277 a2200121 4500001000700000020002200007040003500029100002500064240002700089245002200116300000800138362000900146157565 a978-65-87724-28-7 cEscola São Tomás de Aquino aAGUIAR, Luiz Antonio10aA ilha do tesourolpor10aA ilha do tesouro a1210 a2023